000
00320nam a2200133Ia 4500
008
190722s9999 xx 000 0 und d
020
_a
978-81-315-1851-9
100
_a
Zikmund
245
0
_a
Business Research Methods
250
_a
8th
260
_a
New Delhi
_b
Cengage learning
_c
2013
300
_a
750
942
_c
BK
999
_c
1007
_d
1007